Centrum chorvátskej kultúry, Jarovce

Guardado en:
Detalles Bibliográficos
Autor principal: Šimášková, Barbora (Autor)
Otros Autores: Bogár, Michal (Orientador)
Formato: Manuscrito Libro
Lenguaje:eslovaco
Publicado: 2025
Materias:
Acceso en línea:http://is.stuba.sk/zp/portal_zp.pl?podrobnosti=172169
Etiquetas: Agregar Etiqueta
Sin Etiquetas, Sea el primero en etiquetar este registro!

MARC

LEADER 00000ntm a22000003a 4500
001 stuzp105214
003 SK-STU
005 20250614213719.9
007 ta
008 150427s2015----xo-----f-mn---000-0-slo-d
040 |a STU  |b slo 
041 0 |a slo 
100 1 |a Šimášková, Barbora  |u 054140  |4 aut  |U FAD Fakulta architektúry a dizajnu  |T FAD Ústav konštrukcií v architektúre a inžinierskych stavieb  |X 117514  |U A4140  |Y 395  |7 117514 
242 0 1 |a Croatian Cultural Center, Jarovce  |y eng 
245 1 0 |a Centrum chorvátskej kultúry, Jarovce 
260 |c 2025 
650 4 |a corten  |2 eng 
650 4 |a culture  |2 eng 
650 4 |a greenery  |2 eng 
650 4 |a corten  |2 slo 
650 4 |a zeleň  |2 slo 
650 4 |a kultúra  |2 slo 
700 1 |a Bogár, Michal  |u 054140  |k Z8  |4 ths  |U FAD Fakulta architektúry a dizajnu  |T FAD Ústav konštrukcií v architektúre a inžinierskych stavieb  |X 71161  |U A4140  |Y 395  |7 A000071161 
856 4 |u http://is.stuba.sk/zp/portal_zp.pl?podrobnosti=172169